000 00399nam a2200157Ia 4500
008 210210b1996 xxu||||| |||| 00| 0 eng d
020 _a81 7024 740 3
041 _aeng
082 _a574.5 AGAB
100 _aAGARWAL (S K) and Others, Ed.
245 _aBiodiversity and environment
260 _aNew Delhi.
_bNot Mentioned
_c1996
300 _axviii,351
690 _aEcology
906 _aSG03812
999 _c114847
_d114847